| 000 | 00626nam a2200217Ia 4500 | ||
|---|---|---|---|
| 008 | 100315s9999 xx 000 0 und d | ||
| 020 | _a900060-15-8 | ||
| 082 |
_b133 _a658.1 |
||
| 100 | _a"Simple, Peter " | ||
| 245 | _aSimple Efficiency | ||
| 260 |
_aLondon _bAnbar Publication _c1969 |
||
| 300 | _a40p. | ||
| 365 |
_eRupees _d1 _b10.00 |
||
| 366 | _f0 | ||
| 505 | _gTushar Jadhav | ||
| 530 | _b- | ||
| 620 | _a"Dual Purpose, Matter of Principle, Lager than Life, Servanr Problems,Change & Tradition " | ||
| 630 | _aSimple Efficiency | ||
| 730 | _aSimple Efficiency | ||
| 942 | _cBOOK | ||
| 999 |
_c474868 _d474865 |
||